000 00415nam a2200181Ia 4500
001 1238
005 20260306140617.0
008 260306t2001||||xx |||||||||||||| ||spa||
041 _aESP
082 _a189.4
_bT69 T. 1
100 _aTómas de Aquino, Santo
_eAUT
245 0 _aOpúsculos y cuestiones selectas
260 _c2001
300 _a
_c
650 _aGEN
654 _aCHU
942 _cLIB
_dJUS
_fJUS
_2ddc
_n
999 _c1238
_d1238